[Event "Baltic Zonal III Stage 2018"]
[Site "Liepaja"]
[Date "2018.07.15"]
[Round "9"]
[White "Malisauskas, Vidmantas"]
[Black "Kulaots, Kaido"]
[Result "1-0"]
[WhiteElo "2432"]
[BlackElo "2555"]
[Annotator "RC"]
[PlyCount "95"]
[EventDate "2018.07.09"]
[EventType "swiss"]
[EventCountry "LAT"]
[SourceTitle "playchess.com"]
[Source "ChessBase"]
[SourceQuality "1"]
[TimeControl "5400+30"]

1. Nf3 {[%emt 0:08:30]} c5 {[%emt 0:01:31]} 2. c4 {[%emt 0:06:33]} Nc6 {[%emt 0:00:25]} 3. Nc3 {[%emt 0:01:25]} Nd4 {[%emt 0:00:48]} 4. e3 {[%emt 0:00:40]} Nxf3+ {[%emt 0:00:07]} 5. Qxf3 {[%emt 0:00:10]} g6 {[%emt 0:00:17]} 6. g3 {[%emt 0:00:20]} Bg7 {[%emt 0:00:14]} 7. Bg2 {[%emt 0:00:07]} d6 {[%emt 0:01:43]} 8. O-O {[%emt 0:07:36]} Nf6 {[%emt 0:00:13]} 9. d4 {[%emt 0:00:57]} O-O {[%emt 0:03:23]} 10. dxc5 {[%emt 0:00:08]} dxc5 {[%emt 0:00:41]} 11. Rd1 {[%emt 0:08:54]} Qb6 {[%emt 0:01:03]} 12. h3 {[%emt 0:00:29]} Rd8 {[%emt 0:16:05]} 13. Na4 {[%emt 0:21:18]} Rxd1+ {[%emt 0:01:47]} 14. Qxd1 {[%emt 0:02:03]} Qc7 {[%emt 0:03:12]} 15. Qb3 {[%emt 0:06:30]} Rb8 {[%emt 0:14:19]} 16. Nc3 {[%emt 0:01:21]} a6 {[%emt 0:06:05]} 17. a4 {[%emt 0:02:34]} e6 {[%emt 0:07:04]} 18. Bd2 {[%emt 0:04:46]} Bd7 {[%emt 0:00:39]} 19. Rd1 {[%emt 0:00:10]} Bc6 {[%emt 0:01:00]} 20. Be1 {[%emt 0:00:13]} Bxg2 {[%emt 0:01:03]} 21. Kxg2 {[%emt 0:00:06]} Qc6+ {[%emt 0:01:26]} 22. f3 {[%emt 0:02:57]} h5 {[%emt 0:02:09]} 23. Qc2 {[%emt 0:00:33]} g5 {[%emt 0:07:49]} 24. e4 {[%emt 0:00:36]} g4 {[%emt 0:04:33]} 25. hxg4 {[%emt 0:00:08]} hxg4 {[%emt 0:00:02]} 26. f4 {[%emt 0:00:33]} Ne8 {[%emt 0:00:46]} 27. Kh2 {[%emt 0:09:41]} Nd6 {[%emt 0:03:34]} 28. e5 {[%emt 0:01:14]} Nxc4 {[%emt 0:05:49]} 29. Qe2 {[%emt 0:00:10]} b5 {[%emt 0:01:21]} 30. axb5 {[%emt 0:00:07]} axb5 {[%emt 0:00:03]} 31. Ne4 {[%emt 0:00:37]} Qa8 {[%emt 0:07:05]} 32. b3 {[%emt 0:03:08]} Nb6 {[%emt 0:00:40]} 33. Nxc5 {[%emt 0:00:11]} Nd5 {[%emt 0:01:04]} 34. Rc1 {[%emt 0:03:34]} Rc8 {[%emt 0:01:01]} 35. Bf2 {[%emt 0:02:10]} b4 {[%emt 0:03:16]} 36. Rc4 {[%emt 0:01:01]} Nc3 {[%emt 0:00:47]} 37. Qxg4 {[%emt 0:00:55]} Rd8 {[%emt 0:01:02]} 38. Nxe6 {[%emt 0:01:43]} fxe6 {[%emt 0:01:08]} 39. Qxe6+ {[%emt 0:00:08]} Kh8 {[%emt 0:02:16]} 40. f5 {[%emt 0:00:54]} Ne4 {[%emt 0:01:00]} 41. f6 {[%emt 0:01:20]} Bh6 {[%emt 0:01:23]} 42. Qh3 {[%emt 0:00:35]} Kh7 {[%emt 0:00:29]} 43. Qf5+ {[%emt 0:00:09]} Kh8 {[%emt 0:00:05]} 44. Qg6 {[%emt 0:01:11]} Rd7 {[%emt 0:00:48]} 45. Rxe4 {[%emt 0:01:23]} Bg5 {[%emt 0:00:35]} 46. e6 {[%emt 0:01:01]} Rh7+ {[%emt 0:00:22]} 47. Kg2 {[%emt 0:00:31]} Qc6 {[%emt 0:00:44]} 48. e7 {[%emt 0:00:48]} 1-0

[Event "Baltic Zonal III Stage 2018"]
[Site "Liepaja"]
[Date "2018.07.15"]
[Round "9"]
[White "Pultinevicius, Paulius"]
[Black "Ladva, Ottomar"]
[Result "0-1"]
[WhiteElo "2422"]
[BlackElo "2498"]
[Annotator "RC"]
[PlyCount "114"]
[EventDate "2018.07.09"]
[EventType "swiss"]
[EventCountry "LAT"]
[SourceTitle "playchess.com"]
[Source "ChessBase"]
[SourceQuality "1"]
[TimeControl "5400+30"]

1. c4 {[%emt 0:00:00]} b6 {[%emt 0:07:35]} 2. d4 {[%emt 0:01:12]} Bb7 {[%emt 0:01:36]} 3. Nc3 {[%emt 0:00:36]} Nf6 {[%emt 0:00:04]} 4. Nf3 {[%emt 0:02:59]} g6 {[%emt 0:00:22]} 5. Qc2 {[%emt 0:00:16]} Bg7 {[%emt 0:00:33]} 6. e4 {[%emt 0:01:21]} d6 {[%emt 0:00:05]} 7. Be2 {[%emt 0:01:25]} O-O {[%emt 0:00:07]} 8. O-O {[%emt 0:00:09]} Nbd7 {[%emt 0:00:31]} 9. Rd1 {[%emt 0:05:00]} e6 {[%emt 0:02:06]} 10. h3 {[%emt 0:14:41]} Qe7 {[%emt 0:01:35]} 11. e5 {[%emt 0:03:33]} Ne8 {[%emt 0:01:41]} 12. Bg5 {[%emt 0:03:07]} f6 {[%emt 0:00:02]} 13. Bh4 {[%emt 0:00:17]} g5 {[%emt 0:07:52]} 14. exf6 {[%emt 0:01:24]} Bxf6 {[%emt 0:00:04]} 15. Bg3 {[%emt 0:00:12]} Ng7 {[%emt 0:05:20]} 16. Bh2 {[%emt 0:12:10]} Nf5 {[%emt 0:07:20]} 17. d5 {[%emt 0:00:50]} Bxc3 {[%emt 0:05:03]} 18. bxc3 {[%emt 0:08:56]} e5 {[%emt 0:00:34]} 19. Nd2 {[%emt 0:04:06]} Nc5 {[%emt 0:01:36]} 20. Nb3 {[%emt 0:01:00]} Nd7 {[%emt 0:10:10]} 21. Bg4 {[%emt 0:01:46]} Qf7 {[%emt 0:00:56]} 22. Rd3 {[%emt 0:02:02]} Ng7 {[%emt 0:06:23]} 23. Re1 {[%emt 0:17:29]} Nf6 {[%emt 0:02:04]} 24. Bd1 {[%emt 0:00:08]} Ba6 {[%emt 0:03:01]} 25. Nd2 {[%emt 0:04:42]} Nxd5 {[%emt 0:00:19]} 26. Bf3 {[%emt 0:02:57]} Ne7 {[%emt 0:00:59]} 27. Rf1 {[%emt 0:02:23]} Rab8 {[%emt 0:01:21]} 28. Qa4 {[%emt 0:00:07]} Bb7 {[%emt 0:00:27]} 29. Qxa7 {[%emt 0:00:44]} Qg6 {[%emt 0:00:57]} 30. Re3 {[%emt 0:00:47]} Bxf3 {[%emt 0:00:52]} 31. Rxf3 {[%emt 0:01:12]} Ne6 {[%emt 0:00:07]} 32. Rxf8+ {[%emt 0:03:13]} Rxf8 {[%emt 0:00:03]} 33. Qa4 {[%emt 0:01:30]} Nc5 {[%emt 0:00:19]} 34. Qd1 {[%emt 0:01:48]} Qd3 {[%emt 0:00:11]} 35. Qc1 {[%emt 0:00:04]} Ng6 {[%emt 0:01:13]} 36. Nb3 {[%emt 0:01:33]} Ne6 {[%emt 0:00:23]} 37. c5 {[%emt 0:01:50]} bxc5 {[%emt 0:01:17]} 38. Rd1 {[%emt 0:00:14]} Qc4 {[%emt 0:00:39]} 39. Qe3 {[%emt 0:00:37]} Ra8 {[%emt 0:00:56]} 40. Nd2 {[%emt 0:00:15]} Qxa2 {[%emt 0:00:26]} 41. Ne4 {[%emt 0:00:05]} Rf8 {[%emt 0:00:38]} 42. Bg3 {[%emt 0:00:54]} Ngf4 {[%emt 0:00:29]} 43. Rd2 {[%emt 0:00:30]} Qb1+ {[%emt 0:00:28]} 44. Kh2 {[%emt 0:00:04]} Ra8 {[%emt 0:02:58]} 45. Bxf4 {[%emt 0:01:51]} gxf4 {[%emt 0:00:30]} 46. Nf6+ {[%emt 0:00:29]} Kf7 {[%emt 0:00:18]} 47. Qe4 {[%emt 0:00:18]} Qxe4 {[%emt 0:00:50]} 48. Nxe4 {[%emt 0:00:04]} Kg6 {[%emt 0:00:28]} 49. h4 {[%emt 0:00:03]} Ra4 {[%emt 0:00:51]} 50. f3 {[%emt 0:00:04]} h5 {[%emt 0:00:35]} 51. Rd1 {[%emt 0:00:31]} Ra2 {[%emt 0:00:13]} 52. Kh3 {[%emt 0:00:33]} Rc2 {[%emt 0:00:41]} 53. Kh2 {[%emt 0:01:43]} Ng7 {[%emt 0:01:02]} 54. Ra1 {[%emt 0:00:27]} Nf5 {[%emt 0:00:13]} 55. Ra7 {[%emt 0:00:04]} Nxh4 {[%emt 0:00:12]} 56. Kh3 {[%emt 0:00:02]} Nxg2 {[%emt 0:00:27]} 57. Rxc7 {[%emt 0:00:37]} Ne1 {[%emt 0:00:20]} 0-1

[Event "Baltic Zonal III Stage 2018"]
[Site "Liepaja"]
[Date "2018.07.15"]
[Round "9"]
[White "Bernotas, Arturs"]
[Black "Kantans, Toms"]
[Result "1-0"]
[WhiteElo "2413"]
[BlackElo "2529"]
[Annotator "RC"]
[PlyCount "119"]
[EventDate "2018.07.09"]
[EventType "swiss"]
[EventCountry "LAT"]
[SourceTitle "playchess.com"]
[Source "ChessBase"]
[SourceQuality "1"]
[TimeControl "5400+30"]

1. e4 {[%emt 0:02:38]} c5 {[%emt 0:00:00]} 2. Nf3 {[%emt 0:00:12]} g6 {[%emt 0:00:00]} 3. c4 {[%emt 0:00:48]} Bg7 {[%emt 0:00:37]} 4. d4 {[%emt 0:00:38]} cxd4 {[%emt 0:04:09]} 5. Nxd4 {[%emt 0:00:11]} Nc6 {[%emt 0:00:52]} 6. Be3 {[%emt 0:00:35]} Nf6 {[%emt 0:00:40]} 7. Nc3 {[%emt 0:00:18]} d6 {[%emt 0:00:13]} 8. Be2 {[%emt 0:00:33]} O-O {[%emt 0:01:02]} 9. O-O {[%emt 0:00:27]} Bd7 {[%emt 0:01:19]} 10. h3 {[%emt 0:01:17]} Nxd4 {[%emt 0:00:39]} 11. Bxd4 {[%emt 0:00:17]} Bc6 {[%emt 0:00:04]} 12. Qc2 {[%emt 0:00:18]} a5 {[%emt 0:03:27]} 13. Rad1 {[%emt 0:03:58]} Qc7 {[%emt 0:00:09]} 14. b3 {[%emt 0:01:21]} Nd7 {[%emt 0:15:52]} 15. Qd2 {[%emt 0:16:17]} Bxd4 {[%emt 0:12:20]} 16. Qxd4 {[%emt 0:00:24]} Qb6 {[%emt 0:00:10]} 17. Qxb6 {[%emt 0:07:51]} Nxb6 {[%emt 0:00:41]} 18. f4 {[%emt 0:00:13]} Kg7 {[%emt 0:15:16]} 19. Rd4 {[%emt 0:08:01]} Rfc8 {[%emt 0:05:03]} 20. Rfd1 {[%emt 0:16:46]} Rc7 {[%emt 0:04:15]} 21. a3 {[%emt 0:08:34]} Nd7 {[%emt 0:05:02]} 22. Rb1 {[%emt 0:07:00]} Nc5 {[%emt 0:13:40]} 23. g3 {[%emt 0:00:51]} e5 {[%emt 0:02:38]} 24. Rxd6 {[%emt 0:01:41]} exf4 {[%emt 0:00:59]} 25. gxf4 {[%emt 0:03:43]} Nxe4 {[%emt 0:00:04]} 26. Rxc6 {[%emt 0:01:45]} Nxc3 {[%emt 0:00:59]} 27. Rxc7 {[%emt 0:00:07]} Nxb1 {[%emt 0:00:03]} 28. Rxb7 {[%emt 0:02:26]} a4 {[%emt 0:03:06]} 29. c5 {[%emt 0:07:32]} Nxa3 {[%emt 0:01:19]} 30. bxa4 {[%emt 0:01:24]} Rxa4 {[%emt 0:04:17]} 31. c6 {[%emt 0:00:38]} Nc4 {[%emt 0:00:03]} 32. c7 {[%emt 0:01:45]} Nd6 {[%emt 0:01:02]} 33. Rb6 {[%emt 0:00:25]} Ra7 {[%emt 0:00:03]} 34. Rxd6 {[%emt 0:00:16]} Rxc7 {[%emt 0:00:04]} 35. Kf2 {[%emt 0:00:23]} Ra7 {[%emt 0:00:17]} 36. Bf3 {[%emt 0:00:28]} Ra2+ {[%emt 0:00:47]} 37. Kg3 {[%emt 0:00:09]} Ra3 {[%emt 0:00:11]} 38. Rd7 {[%emt 0:00:22]} Kf6 {[%emt 0:01:00]} 39. Rb7 {[%emt 0:00:24]} Rc3 {[%emt 0:00:29]} 40. Rb6+ {[%emt 0:02:38]} Kg7 {[%emt 0:00:02]} 41. h4 {[%emt 0:00:42]} Ra3 {[%emt 0:00:07]} 42. f5 {[%emt 0:01:00]} gxf5 {[%emt 0:00:48]} 43. Kf4 {[%emt 0:00:18]} Ra4+ {[%emt 0:00:26]} 44. Kg5 {[%emt 0:00:17]} Rd4 {[%emt 0:04:46]} 45. Rb7 {[%emt 0:00:43]} Rd3 {[%emt 0:02:37]} 46. Bh5 {[%emt 0:00:40]} h6+ {[%emt 0:00:17]} 47. Kxf5 {[%emt 0:01:22]} Rd5+ {[%emt 0:00:17]} 48. Kg4 {[%emt 0:00:05]} Rd4+ {[%emt 0:00:04]} 49. Kg3 {[%emt 0:00:11]} Rd3+ {[%emt 0:00:04]} 50. Kf2 {[%emt 0:00:35]} Rd5 {[%emt 0:02:02]} 51. Rxf7+ {[%emt 0:01:05]} Kg8 {[%emt 0:00:00]} 52. Bg6 {[%emt 0:00:19]} Rd6 {[%emt 0:00:06]} 53. h5 {[%emt 0:00:11]} Rd5 {[%emt 0:00:37]} 54. Ra7 {[%emt 0:00:18]} Rb5 {[%emt 0:01:01]} 55. Ke3 {[%emt 0:00:10]} Rc5 {[%emt 0:00:13]} 56. Kf4 {[%emt 0:00:18]} Rg5 {[%emt 0:01:10]} 57. Bf5 {[%emt 0:01:30]} Rxh5 {[%emt 0:00:30]} 58. Ke5 {[%emt 0:00:06]} Rg5 {[%emt 0:00:31]} 59. Kf6 {[%emt 0:00:12]} Kh8 {[%emt 0:00:15]} 60. Bg6 {[%emt 0:00:13]} 1-0

[Event "Baltic Zonal III Stage 2018"]
[Site "Liepaja"]
[Date "2018.07.15"]
[Round "9"]
[White "Samolins, Vitalijs"]
[Black "Seeman, Tarvo"]
[Result "1-0"]
[WhiteElo "2400"]
[BlackElo "2414"]
[Annotator "TA"]
[PlyCount "57"]
[EventDate "2018.07.09"]
[EventType "swiss"]
[EventCountry "LAT"]
[SourceTitle "playchess.com"]
[Source "ChessBase"]
[SourceQuality "1"]

{[%evp 15,57,21,33,3,20,29,29,3,38,37,35,7,13,13,64,72,90,93,131,140,181,180,201,200,194,107,251,252,361,345,317,266,1229,1131,1193,1093,1507,1469,1458,1447,1400,1398,29998,29999]} 1. e4 g6 2. d4 Bg7 3. Nf3 d6 4. Bc4 Nf6 5. Qe2 O-O 6. e5 dxe5 7. dxe5 Nd5 8. O-O c6 {LiveBook: 24 Partien. B06: Moderne Verteidigung} 9. Nbd2 (9. h3 b5 10. Bb3 a5 11. Rd1 e6 12. a3 a4 13. Ba2 Nd7 14. Nc3 Qc7 15. Bxd5 cxd5 16. Nxb5 Ba6 17. Nxc7 Bxe2 {1-0 (42) Bacrot,E (2720)-Kasimdzhanov,R (2700) Dubai 2014}) 9... Qc7 10. Re1 Nd7 $146 {Weiß hat minimalen Vorteil.} ({Vorgänger:} 10... Bf5 11. Nd4 Bc8 12. N2f3 a6 13. a4 b6 14. Bxd5 cxd5 15. Bf4 Bb7 16. Qd2 Qd8 {0-1 (31) Bader,D-Meingast,M (2058) Postbauer 2000}) 11. c3 e6 12. a4 b6 13. Nf1 Bb7 14. h4 {[%cal Bh2h4,Bh4h5][%mdl 32]} a6 (14... h5 $11) 15. h5 $1 $14 b5 16. Bd3 bxa4 17. Rxa4 Nc5 {[#]} 18. Rh4 $1 Nxd3 19. Qxd3 c5 20. N1h2 (20. hxg6 $18 hxg6 21. Ng5) 20... Qc6 (20... Rad8 $16) 21. Ng4 Rfd8 (21... Rad8 $142) 22. hxg6 fxg6 23. Qe4 Qd7 $2 (23... Rf8 24. Ng5 Nf4) 24. Rxh7 $18 Ne7 {[#]} 25. Qf4 $3 {[%mdl 512] jetzt Txg7+! und aus.} Kxh7 26. Ng5+ Kh8 27. Qh2+ Kg8 28. Nf6+ Bxf6 29. Qh7+ {Precision: Weiß = 63%, Schwarz = 20%.} 1-0

[Event "Baltic Zonal III Stage 2018"]
[Site "Liepaja"]
[Date "2018.07.15"]
[Round "9"]
[White "Sirosh, Ilja"]
[Black "Berzinsh, Roland"]
[Result "1-0"]
[WhiteElo "2339"]
[BlackElo "2410"]
[Annotator "NA"]
[PlyCount "76"]
[EventDate "2018.07.09"]
[EventType "swiss"]
[EventCountry "LAT"]
[SourceTitle "playchess.com"]
[Source "ChessBase"]
[SourceQuality "1"]
[TimeControl "5400+30"]

1. c4 {[%emt 0:00:00]} c5 {[%emt 0:00:24]} 2. Nf3 {[%emt 0:00:00]} Nf6 {[%emt 0:00:25]} 3. Nc3 {[%emt 0:00:03]} e6 {[%emt 0:00:28]} 4. g3 {[%emt 0:00:20]} b6 {[%emt 0:00:22]} 5. Bg2 {[%emt 0:00:07]} Bb7 {[%emt 0:00:06]} 6. O-O {[%emt 0:00:08]} Be7 {[%emt 0:00:06]} 7. Re1 {[%emt 0:00:35]} d5 {[%emt 0:00:32]} 8. cxd5 {[%emt 0:00:29]} Nxd5 {[%emt 0:00:14]} 9. Nxd5 {[%emt 0:04:56]} Bxd5 {[%emt 0:08:48]} 10. e4 {[%emt 0:19:10]} Bb7 {[%emt 0:00:22]} 11. d4 {[%emt 0:00:14]} cxd4 {[%emt 0:00:13]} 12. Nxd4 {[%emt 0:11:06]} O-O {[%emt 0:02:13]} 13. Be3 {[%emt 0:11:40]} Nd7 {[%emt 0:05:05]} 14. Rc1 {[%emt 0:03:46]} Bb4 {[%emt 0:16:52]} 15. Re2 {[%emt 0:03:41]} Nf6 {[%emt 0:00:14]} 16. a3 {[%emt 0:03:00]} Be7 {[%emt 0:00:40]} 17. Rd2 {[%emt 0:03:05]} Qe8 {[%emt 0:01:47]} 18. f3 {[%emt 0:01:22]} Rc8 {[%emt 0:01:07]} 19. Bf1 {[%emt 0:01:48]} Rxc1 {[%emt 0:03:51]} 20. Qxc1 {[%emt 0:00:02]} Qa8 {[%emt 0:00:07]} 21. Rc2 {[%emt 0:04:05]} Rd8 {[%emt 0:02:10]} 22. Nb5 {[%emt 0:18:20]} Ne8 {[%emt 0:18:34]} 23. b4 {[%emt 0:01:52]} Bf6 {[%emt 0:03:46]} 24. a4 {[%emt 0:02:59]} Be5 {[%emt 0:06:40]} 25. a5 {[%emt 0:02:43]} a6 {[%emt 0:00:06]} 26. Bxb6 {[%emt 0:01:04]} axb5 {[%emt 0:01:15]} 27. Bxd8 {[%emt 0:00:02]} Qxd8 {[%emt 0:00:14]} 28. Rd2 {[%emt 0:01:01]} Qg5 {[%emt 0:03:00]} 29. Rd1 {[%emt 0:02:57]} Qxc1 {[%emt 0:22:23]} 30. Rxc1 {[%emt 0:00:01]} Nd6 {[%emt 0:00:01]} 31. Rc7 {[%emt 0:01:31]} f5 {[%emt 0:02:27]} 32. exf5 {[%emt 0:01:34]} Bxf3 {[%emt 0:00:19]} 33. Bg2 {[%emt 0:00:06]} Bd4+ {[%emt 0:00:43]} 34. Kh1 {[%emt 0:00:01]} Bxg2+ {[%emt 0:00:50]} 35. Kxg2 {[%emt 0:00:01]} Nxf5 {[%emt 0:00:17]} 36. Kf3 {[%emt 0:01:51]} Nd6 {[%emt 0:00:36]} 37. a6 {[%emt 0:01:03]} e5 {[%emt 0:00:33]} 38. a7 {[%emt 0:00:36]} e4+ {[%emt 0:00:04] Kxe4} 1-0

[Event "Baltic Zonal III Stage 2018"]
[Site "Liepaja"]
[Date "2018.07.15"]
[Round "9"]
[White "Rogule, Laura"]
[Black "Meskovs, Nikita"]
[Result "0-1"]
[WhiteElo "2320"]
[BlackElo "2540"]
[Annotator "ChessBase"]
[PlyCount "86"]
[EventDate "2018.07.09"]
[EventType "swiss"]
[EventCountry "LAT"]
[SourceTitle "playchess.com"]
[Source "ChessBase"]
[SourceQuality "1"]
[TimeControl "5400+30"]

1. e4 {[%emt 0:00:00]} e5 {[%emt 0:00:29]} 2. Nf3 {[%emt 0:00:00]} Nc6 {[%emt 0:00:16]} 3. Nc3 {[%emt 0:02:44]} Nf6 {[%emt 0:00:48]} 4. Bb5 {[%emt 0:01:12]} Bb4 {[%emt 0:00:10]} 5. O-O {[%emt 0:00:14]} O-O {[%emt 0:00:05]} 6. d3 {[%emt 0:00:12]} d6 {[%emt 0:00:05]} 7. Bg5 {[%emt 0:03:28]} Ne7 {[%emt 0:00:14]} 8. Bxf6 {[%emt 0:31:16]} gxf6 {[%emt 0:00:13]} 9. Nd5 {[%emt 0:06:37]} Nxd5 {[%emt 0:00:43]} 10. exd5 {[%emt 0:00:18]} a6 {[%emt 0:07:14]} 11. Ba4 {[%emt 0:00:51]} f5 {[%emt 0:00:21]} 12. c3 {[%emt 0:01:44]} Ba5 {[%emt 0:00:06]} 13. d4 {[%emt 0:01:02]} b5 {[%emt 0:04:44]} 14. Bc2 {[%emt 0:03:38]} Re8 {[%emt 0:01:23]} 15. g3 {[%emt 0:09:27]} Qf6 {[%emt 0:05:32]} 16. Nh4 {[%emt 0:08:28]} exd4 {[%emt 0:01:54]} 17. cxd4 {[%emt 0:05:01]} Bb6 {[%emt 0:00:15]} 18. Qh5 {[%emt 0:01:45]} Bxd4 {[%emt 0:02:04]} 19. Rae1 {[%emt 0:02:27]} Bd7 {[%emt 0:04:14]} 20. b3 {[%emt 0:03:10]} c5 {[%emt 0:12:47]} 21. dxc6 {[%emt 0:03:20]} Bxc6 {[%emt 0:01:53]} 22. Nxf5 {[%emt 0:00:58]} Bb6 {[%emt 0:05:59]} 23. Re7 {[%emt 0:09:40]} Kf8 {[%emt 0:02:36]} 24. Rfe1 {[%emt 0:01:27]} Rxe7 {[%emt 0:20:04]} 25. Rxe7 {[%emt 0:00:06]} Rd8 {[%emt 0:00:03]} 26. Re1 {[%emt 0:03:13]} Bd5 {[%emt 0:03:57]} 27. Qxh7 {[%emt 0:00:30]} Rc8 {[%emt 0:00:01]} 28. Bd3 {[%emt 0:00:35]} Ba5 {[%emt 0:00:04]} 29. Rd1 {[%emt 0:00:33]} Bf3 {[%emt 0:01:32]} 30. Rb1 Rc3 {[%emt 0:06:53]} 31. Nh6 {[%emt 0:00:57]} Qg7 {[%emt 0:02:26]} 32. Qf5 {[%emt 0:00:02]} Bb7 {[%emt 0:00:05]} 33. Ng4 {[%emt 0:00:56]} Bc8 {[%emt 0:00:14]} 34. Qd5 {[%emt 0:00:33]} Qxg4 {[%emt 0:01:18]} 35. Qxd6+ {[%emt 0:00:03]} Kg8 {[%emt 0:00:04]} 36. Re1 {[%emt 0:00:33]} Be6 {[%emt 0:00:26]} 37. Qxa6 {[%emt 0:00:37]} Bb4 {[%emt 0:00:35]} 38. Bxb5 {[%emt 0:00:39]} Bc5 {[%emt 0:00:52]} 39. Qa8+ {[%emt 0:00:21]} Kg7 {[%emt 0:00:15]} 40. Be2 {[%emt 0:00:30]} Bxf2+ {[%emt 0:00:44]} 41. Kg2 {[%emt 0:00:51]} Qf5 {[%emt 0:01:19]} 42. Rd1 {[%emt 0:00:03]} Bc5 {[%emt 0:01:06]} 43. Kh1 {[%emt 0:00:48]} Rc1 {[%emt 0:00:25]} 0-1

[Event "Baltic Zonal III Stage 2018"]
[Site "Liepaja"]
[Date "2018.07.15"]
[Round "9"]
[White "Chukavin, Kirill"]
[Black "Kveinys, Aloyzas"]
[Result "0-1"]
[WhiteElo "2303"]
[BlackElo "2537"]
[Annotator "ChessBase"]
[PlyCount "126"]
[EventDate "2018.07.09"]
[EventType "swiss"]
[EventCountry "LAT"]
[SourceTitle "playchess.com"]
[Source "ChessBase"]
[SourceQuality "1"]
[TimeControl "5400+30"]

1. e4 {[%emt 0:00:51]} c6 {[%emt 0:00:10]} 2. d4 {[%emt 0:00:42]} d5 {[%emt 0:00:07]} 3. Nc3 {[%emt 0:00:18]} dxe4 {[%emt 0:00:56]} 4. Nxe4 {[%emt 0:00:07]} Bf5 {[%emt 0:00:36]} 5. Ng3 {[%emt 0:00:16]} Bg6 {[%emt 0:00:07]} 6. h4 {[%emt 0:00:06]} h6 {[%emt 0:00:10]} 7. Nf3 {[%emt 0:00:05]} Nd7 {[%emt 0:00:40]} 8. h5 {[%emt 0:00:33]} Bh7 {[%emt 0:00:06]} 9. Bd3 {[%emt 0:00:04]} Bxd3 {[%emt 0:00:14]} 10. Qxd3 {[%emt 0:00:06]} e6 {[%emt 0:00:09]} 11. Bd2 {[%emt 0:00:34]} Ngf6 {[%emt 0:00:15]} 12. O-O-O {[%emt 0:00:24]} Be7 {[%emt 0:00:22]} 13. Kb1 {[%emt 0:01:03]} O-O {[%emt 0:00:14]} 14. Ne4 {[%emt 0:00:37]} Nxe4 {[%emt 0:00:25]} 15. Qxe4 {[%emt 0:00:06]} Nf6 {[%emt 0:00:05]} 16. Qe2 {[%emt 0:00:34]} Qd5 {[%emt 0:00:12]} 17. Ne5 {[%emt 0:00:41]} Qe4 {[%emt 0:00:18]} 18. Qxe4 {[%emt 0:00:44]} Nxe4 {[%emt 0:00:06]} 19. Be1 {[%emt 0:01:21]} Rfd8 {[%emt 0:01:12]} 20. f3 {[%emt 0:03:39]} Nf6 {[%emt 0:05:07]} 21. Bf2 {[%emt 0:05:58]} Rac8 {[%emt 0:06:08]} 22. g4 {[%emt 0:02:42]} Nd5 {[%emt 0:03:12]} 23. Rhe1 {[%emt 0:11:50]} b5 {[%emt 0:01:07]} 24. c3 {[%emt 0:08:30]} Bd6 {[%emt 0:10:36]} 25. Nd3 {[%emt 0:02:28]} a5 {[%emt 0:00:50]} 26. Kc2 {[%emt 0:03:17]} a4 {[%emt 0:00:14]} 27. Nc5 {[%emt 0:10:42]} Bxc5 {[%emt 0:06:10]} 28. dxc5 {[%emt 0:00:10]} Re8 {[%emt 0:00:08]} 29. Bg3 {[%emt 0:02:46]} f6 {[%emt 0:00:22]} 30. Bd6 {[%emt 0:01:36]} e5 {[%emt 0:02:16]} 31. b4 {[%emt 0:01:23]} axb3+ {[%emt 0:01:00]} 32. axb3 {[%emt 0:00:32]} Ra8 {[%emt 0:00:06]} 33. Ra1 {[%emt 0:06:19]} g6 {[%emt 0:01:17]} 34. hxg6 {[%emt 0:01:27]} Kg7 {[%emt 0:00:08]} 35. c4 {[%emt 0:11:28]} bxc4 {[%emt 0:00:36]} 36. bxc4 {[%emt 0:00:05]} Nf4 {[%emt 0:00:13]} 37. Reb1 {[%emt 0:01:09]} Kxg6 {[%emt 0:00:26]} 38. Kd2 {[%emt 0:02:54]} h5 {[%emt 0:05:40]} 39. gxh5+ {[%emt 0:00:43]} Nxh5 {[%emt 0:00:10]} 40. Rxa8 {[%emt 0:02:19]} Rxa8 {[%emt 0:00:05]} 41. Rb6 {[%emt 0:00:14]} Rc8 {[%emt 0:00:05]} 42. Ke3 {[%emt 0:02:18]} Kf5 {[%emt 0:00:10]} 43. Ra6 {[%emt 0:02:22]} Nf4 {[%emt 0:00:36]} 44. Kf2 {[%emt 0:01:15]} Nd3+ {[%emt 0:02:56]} 45. Ke2 {[%emt 0:07:33]} Nb2 {[%emt 0:01:07]} 46. Ra7 {[%emt 0:01:06]} Nxc4 {[%emt 0:03:56]} 47. Be7 {[%emt 0:01:14]} Rh8 {[%emt 0:00:30]} 48. Kd3 {[%emt 0:02:25]} Rh4 {[%emt 0:01:37]} 49. Ra6 {[%emt 0:02:39]} Rd4+ {[%emt 0:07:13]} 50. Kc3 {[%emt 0:00:05]} Ne3 {[%emt 0:00:42]} 51. Bd6 {[%emt 0:01:23]} Nd5+ {[%emt 0:00:08]} 52. Kb2 {[%emt 0:00:32]} Rb4+ {[%emt 0:02:42]} 53. Ka3 {[%emt 0:01:17]} Rf4 {[%emt 0:00:29]} 54. Rxc6 {[%emt 0:00:06]} Rxf3+ {[%emt 0:00:04]} 55. Ka4 {[%emt 0:01:02]} e4 {[%emt 0:00:10]} 56. Rc8 {[%emt 0:00:11]} Ke6 {[%emt 0:06:11]} 57. Kb5 {[%emt 0:00:14]} Rb3+ {[%emt 0:00:16]} 58. Kc6 {[%emt 0:00:49]} Nb4+ {[%emt 0:00:06]} 59. Kc7 {[%emt 0:00:15]} Kd5 {[%emt 0:00:33]} 60. Rf8 {[%emt 0:00:28]} Na6+ {[%emt 0:01:58]} 61. Kd7 {[%emt 0:00:44]} Nxc5+ {[%emt 0:00:30]} 62. Bxc5 {[%emt 0:00:17]} Kxc5 {[%emt 0:00:05]} 63. Rxf6 {[%emt 0:00:17]} e3 {[%emt 0:00:08]} 0-1